[Event "Titled Tuesday intern op 04th Feb Early"]
[Site "Chess.com INT"]
[Date "2025.02.04"]
[Round "5"]
[White "Sjugirov, Sanan"]
[Black "Shuvalova, Polina"]
[Result "1/2-1/2"]
[WhiteElo "2643"]
[BlackElo "2508"]
[PlyCount "74"]
[EventDate "2025.02.04"]
[EventType "swiss (blitz)"]
[EventRounds "11"]
[EventCountry "USA"]
[SourceTitle "CB07_2025"]
[SourceDate "2025.02.12"]
[SourceVersion "1"]
[SourceVersionDate "2025.02.12"]
[SourceQuality "1"]

1. d4 Nf6 2. Bg5 d5 3. e3 Nbd7 4. Nd2 c5 5. Ngf3 e6 6. c3 Be7 7. Ne5 Nxe5 8. dxe5 Nd7 9. Bxe7 Qxe7 10. f4 0-0 11. Bd3 f6 12. Qh5 g6 13. Qh4 Qg7 14. exf6 Qxf6 15. Qxf6 Nxf6 16. Nf3 b6 17. 0-0 a5 18. Rfe1 Ba6 19. Bc2 b5 20. a3 Bb7 21. Ne5 Rfd8 22. h3 b4 23. axb4 axb4 24. cxb4 cxb4 25. Bd3 Rdc8 26. Kf2 Ne4+ 27. Bxe4 dxe4 28. Rxa8 Bxa8 29. Re2 Bd5 30. Rd2 Kf8 31. Kg3 Ke7 32. Kf2 Rc1 33. Re2 Kf6 34. Re1 Rc2+ 35. Re2 Rc1 36. Re1 Rc2+ 37. Re2 Rc1 1/2-1/2

[Event "Tashkent Al Beruniy-A 2nd"]
[Site "Tashkent"]
[Date "2025.02.03"]
[Round "1"]
[White "Murzin, Volodar"]
[Black "Sjugirov, Sanan"]
[Result "1-0"]
[WhiteElo "2657"]
[BlackElo "2643"]
[PlyCount "53"]
[EventDate "2025.02.03"]
[EventType "tourn"]
[EventRounds "9"]
[EventCountry "UZB"]
[EventCategory "14"]
[SourceTitle "CB07_2025"]
[SourceDate "2025.02.12"]
[SourceVersion "1"]
[SourceVersionDate "2025.02.12"]
[SourceQuality "1"]

1. d4 Nf6 2. Nf3 d5 3. c4 e6 4. g3 Bb4+ 5. Bd2 Be7 6. Bg2 0-0 7. 0-0 c6 8. Bf4 dxc4 9. Ne5 Nd5 10. Nxc4 Nxf4 11. gxf4 Nd7 12. e3 Nb6 13. Nbd2 Nd5 14. Rc1 f6 15. Ne4 b6 16. Kh1 Bb7 17. Rg1 Rc8 18. Qh5 Rc7 19. f5 exf5 20. Bh3 Bc8 21. Ng3 Qe8 22. Qf3 g6 23. Nxf5 Bxf5 24. Bxf5 Kh8 25. Rxg6 hxg6 26. Rg1 Rg8 27. Qh3+ 1-0